000
00292nam a2200121Ia 4500
005
20251222144751.0
008
251222s9999||||xx |||||||||||||| ||spa||
082
_a
920/U24
100
_a
Ugarte, Juan Ignacio
245
0
_a
Para conocer a San Juan de la Cruz
264
_b
Latina
942
_c
LIB
999
_c
19352
_d
19352